| 000 | 01165nam a2200229Ia 4500 | ||
|---|---|---|---|
| 001 | L235-7560 | ||
| 003 | IT-CnALBA | ||
| 008 | 170116s9999||||xx |||||||||||||| ||und|| | ||
| 040 |
_aIT-CnALBA _cIT-CnALBA |
||
| 041 | _aITALIANO | ||
| 100 | _aLEBESCONTE FRANCOIS | ||
| 245 | 0 | _aIL CUORE IMMACOLATO DI MARIA SECONDO S. GIOVANNI EUDES. | |
| 250 | _a1a ed. | ||
| 260 |
_aCINISELLO BALSAMO (MI) _bEDIZIONI PAOLINE _c1954 [1° Ed.:1954 - Ed.Ling.Originale: 1945] |
||
| 300 | _a310 p. (prefazione: 11) | ||
| 500 | _aAMORE DEL CUORE IMMACOLATO DI MARIA VERSO DIO E GLI UOMINI. INCARNAZIONE EUCARESTIA. CUORE DI GESÙ E CUORE DI MARIA. DEVOZIONE IMITAZIONE DI MARIA. ONORE AL SACRO CUORE DI MARIA. CONSACRAZIONE DEL GENERE UMANO. | ||
| 501 | _aSocietà San Paolo EM - Piazza San Paolo, 14 - 12051 ALBA (CN) (non commercial uses only) ® Copyright 2017 | ||
| 520 | _aAMORE DEL CUORE IMMACOLATO DI MARIA VERSO DIO E GLI UOMINI. INCARNAZIONE EUCARESTIA. CUORE DI GESÙ E CUORE DI MARIA. DEVOZIONE IMITAZIONE DI MARIA. ONORE AL SACRO CUORE DI MARIA. CONSACRAZIONE DEL GENERE UMANO. | ||
| 650 | _aMARIA SS. ANGELI SANTI DEMONI | ||
| 942 | _cBK | ||
| 957 | _71 | ||
| 999 |
_a8536 _bNO _g Copie: 1 _c266742 _d266742 |
||